[Event "JUG-chT Cetinje"]
[Site "Cetinje"]
[Date "1990.??.??"]
[Round "8"]
[White "Tosic, Miroslav"]
[Black "Osmanbegovic, Suad"]
[Result "1-0"]
[WhiteElo "2375"]
[BlackElo "2315"]

1.e4 c5 2.Nf3 e6 3.d4 cxd4 4.Nxd4 a6 5.Bd3 Bc5 6.Nb3 Ba7 7.O-O Nc6 8.Qe2 Qc7
9.Be3 Bxe3 10.Qxe3 Nf6 11.f4 d6 12.Nc3 O-O 13.Rae1 Nb4 14.e5 Nfd5 15.Nxd5 exd5
16.c3 Nxd3 17.Qxd3 dxe5 18.Rxe5 Bd7 19.Qxd5 Be6 20.Qc5 Qxc5+ 21.Nxc5 Bxa2
22.Ra1 Be6 23.b4 Rac8 24.f5 b6 25.fxe6 bxc5 26.e7 Rfe8 27.Rxa6 cxb4 28.cxb4 Rc7
29.Ra8  1-0

[Event "Chartres op"]
[Site "Chartres"]
[Date "1990.??.??"]
[Round "3"]
[White "Stoinev, Metodi"]
[Black "Martinovic, Slobodan"]
[Result "1-0"]
[WhiteElo "2355"]
[BlackElo "2440"]

1.e4 c5 2.Nf3 e6 3.d4 cxd4 4.Nxd4 a6 5.Bd3 Nf6 6.O-O Qc7 7.b3 d6 8.Bb2 Nbd7
9.Nd2 g6 10.c4 Bg7 11.Rc1 b6 12.Re1 O-O 13.Nf1 Bb7 14.Ng3 Rac8 15.Qe2 Qb8
16.Rcd1 Rfd8 17.Bb1 h5 18.Nf3 e5 19.h4 Nc5 20.Ng5 Qc7 21.Bc2 a5 22.Rc1 Qe7
23.Rcd1 Nh7 24.Bc1 Nxg5 25.hxg5 Ne6 26.Qe3 b5 27.Bd3 Nf4 28.cxb5 Qxg5 29.Bc4 Qg4
30.Qb6 Qd7 31.a4 h4 32.Nf1 h3 33.g3 Ng2 34.Re2 Ba8 35.Kh2 Qc7 36.Qxc7 Rxc7
37.Bd2 Ra7 38.b6 Rb7 39.Bxa5 Bf8 40.Bd5 Rbd7  1-0

[Event "Chartres op"]
[Site "Chartres"]
[Date "1990.??.??"]
[Round "4"]
[White "Donchev, Dimitar I"]
[Black "Avshalumov, Alex"]
[Result "1-0"]
[WhiteElo "2525"]
[BlackElo "2450"]

1.e4 c5 2.Nf3 e6 3.d4 cxd4 4.Nxd4 a6 5.Bd3 Ne7 6.O-O Nbc6 7.Nb3 Ng6 8.c4 a5
9.Be3 a4 10.Nd4 Nxd4 11.Bxd4 e5 12.Be3 Qa5 13.Nc3 a3 14.Nd5 axb2 15.Rb1 Bc5
16.Rxb2 Bxe3 17.fxe3 Ra6 18.c5 Rc6 19.Rb5 Qd8 20.Bc4 O-O 21.Nb4 Qg5 22.Rf3 Rf6
23.Nd5 Rxf3 24.Qxf3 Qd8 25.Rb6 Ne7 26.Rd6 Nxd5 27.Rxd5 Qe7 28.Qh5 Re8 29.Rd6 g6
30.Qh6 Kh8 31.h4 f6 32.h5 Qg7 33.Qxg7+ Kxg7 34.hxg6 hxg6 35.Bd5 f5 36.exf5 gxf5
37.Bxb7 Kf7 38.Bd5+ Ke7 39.a4 f4 40.e4 Rf8 41.a5 Rf6 42.Rxf6 Kxf6 43.Bc4 Bb7
44.Bd3 Ke7 45.a6 Bc6 46.Kf2 d6 47.Kf3 Kd7 48.Bc4  1-0

[Event "Cheliabinsk-A"]
[Site "Cheliabinsk"]
[Date "1990.??.??"]
[Round "?"]
[White "Velicka, Petr"]
[Black "Vyzmanavin, Alexey"]
[Result "0-1"]
[WhiteElo "2345"]
[BlackElo "2585"]

1.e4 c5 2.Nf3 e6 3.d4 cxd4 4.Nxd4 a6 5.Bd3 Qc7 6.O-O Nf6 7.c4 d6 8.Nc3 g6
9.b3 Bg7 10.Bb2 O-O 11.Rc1 b6 12.Bb1 Bb7 13.Qd3 Nbd7 14.f3 Rac8 15.Rfd1 Rfd8
16.Kh1 Qb8 17.Qe3 Re8 18.Qf2 Ba8 19.Rc2 Nc5 20.Qf1 Red8 21.Qe2 Nh5 22.Qe3 Be5
23.Nde2 Bg7 24.Rcd2 Nf6 25.b4 Ncd7 26.Rxd6 Bf8 27.R6d2 Ne5 28.Rxd8 Rxd8 29.Qf4 Rxd1+
30.Nxd1 Nfd7 31.Bc3 Nxc4 32.Qxb8 Nxb8 33.Bd3 Nd6 34.Kg1 b5 35.Nd4 Nd7 36.Nb3 f5
37.exf5 gxf5 38.Nb2 Bd5 39.Kf2 Bxb3 40.axb3 Nb6 41.Bc2 Bg7 42.Bxg7 Kxg7 43.g4 Nd5
44.Nd3 Kf6 45.gxf5 Nxf5 46.Nc5 Nxb4 47.Be4 Ke5 48.Nd7+ Kd6 49.Nf6 h6 50.Ng4 a5
51.Bxf5 exf5 52.Nxh6 a4 53.Nxf5+ Kc5 54.bxa4 bxa4 55.Ng3 a3 56.Ne4+ Kd4 57.Nd2 Nd3+  0-1

[Event "USA Masters"]
[Site "Chicago"]
[Date "1990.??.??"]
[Round "7"]
[White "Brooks, Michael A"]
[Black "Shamkovich, Leonid"]
[Result "1/2-1/2"]
[WhiteElo "2460"]
[BlackElo "2405"]

1.e4 c5 2.Nf3 e6 3.d4 cxd4 4.Nxd4 a6 5.Bd3 Nf6 6.O-O d6 7.f4 Nbd7 8.Kh1 Be7
9.b3 O-O 10.Bb2 Nc5 11.Qe2 Nxd3 12.cxd3 Bd7 13.Nd2 Rc8 14.e5 Nd5 15.Ne4 Nxf4
16.Rxf4 dxe5 17.Nxe6 Bxe6 18.Bxe5 Qd5 19.Ng3 Bd6 20.Bxd6 Qxd6 21.Raf1 Rfd8
22.d4 Qc6 23.Nf5 Bxf5 24.Rxf5 f6 25.Rc5 Qd7 26.h3 Rxc5 27.dxc5 Qd5 28.b4 Qd3
29.Qe6+ Kf8 30.Re1 Qd7 31.Qxd7 Rxd7 32.Re6 Rc7 33.Kh2 a5 34.a3 axb4 35.axb4 Kf7
36.Rb6 Ke7 37.Kg3 Kd8 38.Kf4 Re7 39.g4 Kc7 40.h4 Re1 41.h5 Rb1 42.Ke4 Rg1
43.Kf3 Rf1+ 44.Kg2 Rf4 45.Kg3 Rc4 46.h6 gxh6 47.Rxf6 h5 48.gxh5 Rxb4 49.Rh6 Rc4
50.Rxh7+ Kc6 51.Rh8 Kc7 52.h6 Rxc5 53.Kg4 Rc1 54.Ra8 Rh1 55.Kg5 Rg1+ 56.Kf6 Rf1+
57.Kg7 Rg1+ 58.Kh8 b5 59.Rg8 Rh1 60.h7 Kb6 61.Kg7 Kc5 62.h8=Q Rxh8 63.Rxh8 b4
64.Kf6 Kd4 65.Rh4+ Kc3 66.Ke5 b3 67.Rh3+ Kc2 68.Rh2+ Kc3 69.Rh3+ Kc2 70.Kd4 b2
71.Rh2+ Kb3 72.Rxb2+  1/2-1/2

[Event "Clichy"]
[Site "Clichy"]
[Date "1990.??.??"]
[Round "5"]
[White "Birmingham, Eric"]
[Black "Gilles, Raphael"]
[Result "1-0"]
[WhiteElo "2345"]
[BlackElo "2200"]

1.e4 c5 2.Nf3 e6 3.d4 cxd4 4.Nxd4 a6 5.Bd3 g6 6.c4 Bg7 7.Be3 d6 8.Nc3 Nf6
9.O-O O-O 10.Be2 Qc7 11.Rc1 b6 12.Qd2 Bb7 13.f3 Rd8 14.Rfd1 Nbd7 15.Bf1 Ne5
16.Qf2 Rac8 17.b3 Bf8 18.Bg5 Bg7 19.Qh4 Ned7 20.Kh1 Re8 21.Rd3 Qb8 22.Rcd1 Rc5
23.Nde2 h6 24.Be3 g5 25.Qg3 Rc6 26.h4 gxh4 27.Qxh4 Ne5 28.Bxh6 Rc5 29.Bxg7 Kxg7
30.Qg3+ Kf8 31.Rxd6 Ke7 32.Rxb6 Rg8 33.Qf4 Nxf3 34.Rxb7+ Qxb7 35.Qd6+  1-0

[Event "Dieren op"]
[Site "Dieren"]
[Date "1990.??.??"]
[Round "4"]
[White "Bottema, Tom"]
[Black "Ristic, Nenad"]
[Result "0-1"]
[WhiteElo "2205"]
[BlackElo "2385"]

1.e4 c5 2.Nf3 e6 3.d4 cxd4 4.Nxd4 a6 5.Bd3 Qc7 6.O-O Nf6 7.c4 d6 8.b3 b6
9.Bb2 Bb7 10.Nc3 Nbd7 11.Qe2 g6 12.Rad1 Bg7 13.Bb1 O-O 14.f4 Rfe8 15.Nf3 Rad8
16.Kh1 Nh5 17.Qd2 Ndf6 18.f5 exf5 19.exf5 d5 20.fxg6 hxg6 21.cxd5 Nxd5 22.Nxd5 Rxd5
23.Qf2 Rxd1 24.Rxd1 Bxb2 25.Qxb2 Nf4 26.Qf6 Bxf3 27.gxf3 Nh5 28.Qb2 Qf4 29.Be4 Nf6
30.Bc6 Re6 31.Bb7 Kh7 32.Qd2 Qf5 33.Qf2 Qa5 34.f4 Qh5 35.Bf3 Qh6 36.Rd4 Kg7
37.f5 gxf5 38.Rd1 Ne4 39.Rg1+ Kf8 40.Qd4 Rd6 41.Qe5 Nf2+ 42.Kg2 Nh3 43.Rd1 Nf4+
44.Kg1 Qg5+ 45.Kf2 Qh4+ 46.Kg1 Rxd1+ 47.Bxd1 Qg5+  0-1

[Event "Dieren op"]
[Site "Dieren"]
[Date "1990.??.??"]
[Round "4"]
[White "Bosch, Jeroen"]
[Black "Den Boer, Ber"]
[Result "1/2-1/2"]
[WhiteElo "2245"]
[BlackElo "2300"]

1.e4 c5 2.Nf3 e6 3.d4 cxd4 4.Nxd4 a6 5.Bd3 Bc5 6.Nb3 Ba7 7.Qe2 Nc6 8.Be3 Bxe3
9.Qxe3 Nf6 10.c4 Qc7 11.Nc3 O-O 12.Be2 d6 13.O-O Bd7  1/2-1/2

[Event "Dortmund-C"]
[Site "Dortmund"]
[Date "1990.??.??"]
[Round "?"]
[White "Rigo, Janos"]
[Black "Konikowski, Jerzy"]
[Result "1-0"]
[WhiteElo "2385"]
[BlackElo "2360"]

1.e4 c5 2.Nf3 e6 3.d4 cxd4 4.Nxd4 a6 5.Bd3 Nf6 6.O-O d6 7.Kh1 Be7 8.f4 Qc7
9.Nd2 Nbd7 10.N2f3 g6 11.b4 O-O 12.Qe1 Re8 13.f5 e5 14.fxg6 hxg6 15.Nf5 gxf5
16.Qg3+ Ng4 17.Nh4 Bxh4 18.Qxh4 Kf8 19.Bg5 Ndf6 20.exf5 Ng8 21.f6 N4xf6 22.Rxf6 Be6
23.Raf1 d5 24.Qh8 e4 25.Rg6 f6 26.Rfxf6+ Ke7 27.Rg7+ Kd6 28.Bf4+  1-0

[Event "Dortmund-C"]
[Site "Dortmund"]
[Date "1990.??.??"]
[Round "?"]
[White "Suetin, Alexey S"]
[Black "Filipowicz, Andrzej"]
[Result "1/2-1/2"]
[WhiteElo "2355"]
[BlackElo "2385"]

1.e4 c5 2.Ne2 e6 3.d4 cxd4 4.Nxd4 a6 5.Bd3 Nf6 6.O-O d6 7.c4 Be7 8.Nc3 b6
9.b3 Bb7 10.Bb2 Nbd7 11.Qe2 O-O 12.Rad1 Re8 13.f4 Qc7 14.Nf3 e5 15.fxe5 dxe5
16.Kh1 Bc5 17.Nd5 Bxd5 18.cxd5 Qd6 19.a4 Nh5 20.g3 Nhf6 21.Nd2 Bd4 22.Bc1 Nc5
23.Bc2 b5 24.Nf3 bxa4 25.bxa4 Qb6 26.Bg5 Ncd7 27.Rb1 Qc5 28.Nh4 Rab8 29.Nf5 Rxb1
30.Bxb1 Rb8 31.d6 Rb2 32.Qxa6 h6 33.Nxd4 Qxd4 34.Bxf6 Nxf6 35.Qc8+ Kh7 36.Qf5+ Kg8
37.Qc8+  1/2-1/2

[Event "Dresden (Women)"]
[Site "Dresden"]
[Date "1990.??.??"]
[Round "?"]
[White "Kunze, Kerstin"]
[Black "Geissler, Grit"]
[Result "1-0"]
[WhiteElo "2160"]
[BlackElo "2065"]

1.e4 c5 2.Nf3 e6 3.d4 cxd4 4.Nxd4 a6 5.Bd3 Nf6 6.O-O Qc7 7.c4 Nc6 8.Nxc6 dxc6
9.f4 Bc5+ 10.Kh1 e5 11.Nc3 Bd7 12.Qc2 O-O-O 13.fxe5 Ng4 14.Bf4 Be6 15.Nd5 cxd5
16.exd5 Ne3 17.Bxe3 Bxe3 18.dxe6 fxe6 19.Be4 Rd7 20.c5 Qxc5 21.Qe2 Kb8 22.b4 Qc3
23.Rab1 Bd2 24.b5 a5 25.Bc6 Rc7 26.Rb3 Qc5 27.Qxd2 bxc6 28.bxc6+ Ka8 29.a4 Qxc6
30.Qxa5+ Ra7 31.Qd2 Rc8 32.a5 Qc2 33.Qb4 Qc6 34.Rfb1 Ra6 35.h3 g6 36.Rc3 Qd7
37.Qe4+ Ka7 38.Rb4 Rc7 39.Rcb3 Qc6 40.Qe3+ Ka8 41.Rb8+  1-0

[Event "FIN-chT"]
[Site "?"]
[Date "1990.??.??"]
[Round "?"]
[White "Alava, Mikko"]
[Black "Havansi, Erkki ET"]
[Result "1/2-1/2"]
[WhiteElo "2335"]
[BlackElo "2275"]

1.e4 c5 2.Nf3 e6 3.d4 cxd4 4.Nxd4 a6 5.Bd3 Bc5 6.Nb3 Ba7 7.Nc3 Nc6 8.Qe2 d6
9.Be3 Bxe3 10.Qxe3 Nf6 11.g4 Qc7 12.O-O-O Rb8 13.g5 Nd7 14.h4 b5 15.h5 b4
16.Ne2 a5 17.Nbd4 Nxd4 18.Nxd4 Qc5 19.g6 Nf6 20.gxf7+ Kxf7 21.Rhg1 Rg8 22.Rg5 e5
23.Nf5 Qxe3+ 24.Nxe3 h6 25.Bc4+ d5 26.Nxd5 hxg5 27.Nxf6+ Kxf6 28.Bxg8 Bg4
29.Rg1 Rxg8 30.Rxg4 Rh8 31.c4 bxc3 32.bxc3 Rxh5 33.Rg2 Rh1+ 34.Kb2 Re1 35.f3 Re3
36.c4 Rxf3 37.c5 Rd3 38.c6 Rd8 39.Kb3 Rc8 40.Rc2 Ke6 41.Ka4 Kd6 42.Kb5 Rb8+
43.Kxa5 Kc7 44.a4 g4 45.Rc5 g3 46.Rxe5 Kxc6 47.Rg5 Rb3 48.Rg6+ Kc5 49.Rxg7 Kd4
50.Rg4 Ke5 51.Ka6 Kd4 52.a5 Ke5 53.Ka7 Kd4 54.a6 Ke5 55.Ka8 Kd4 56.a7 Ke5
57.Rxg3 Rxg3 58.Kb7 Rg7+ 59.Kb6 Rxa7  1/2-1/2

[Event "Arnold Cup"]
[Site "Gausdal"]
[Date "1990.??.??"]
[Round "4"]
[White "McDonald, Neil R"]
[Black "Hansen, Lars Bo"]
[Result "1/2-1/2"]
[WhiteElo "2360"]
[BlackElo "2460"]

1.e4 c5 2.Nf3 e6 3.d4 cxd4 4.Nxd4 a6 5.Bd3 Nf6 6.O-O Qc7 7.c4 d6 8.Nc3 Be7
9.Be3 Nbd7 10.f4 h6 11.Rc1 O-O 12.Qe2 Re8 13.b4 b6 14.Rfe1 Bb7 15.Bf2 Nh7
16.Qg4 Bf6 17.Nd5 exd5 18.cxd5 Qd8 19.Nf5 h5 20.Qxh5 Ndf8 21.Qg4 Ng6 22.h4 Bc8
23.h5 Bxf5 24.Qxf5 Nxf4 25.Qxf4 Bg5 26.Qg3 Bxc1 27.Rxc1 Qg5 28.Rc6 Qxg3 29.Bxg3 Nf6
30.Bxd6 Nxe4 31.Bc7 b5 32.d6 Nf6 33.Bf5 Re5 34.d7 Rxf5 35.d8=Q+ Rxd8 36.Bxd8 Ng4
37.g3 Rd5 38.Ba5 Rd1+ 39.Kg2 Rd2+ 40.Kg1 Rd1+ 41.Kg2 Rd2+ 42.Kg1 Rxa2 43.Rxa6 Rd2
44.Rc6 Rd5 45.Rc8+ Kh7 46.Rc5 Nf6 47.Rxd5 Nxd5 48.Kf2 Kh6 49.g4 Kg5 50.Kf3 f6
51.Ke4 Ne7 52.Kd4 Kxg4 53.Kc5 f5 54.Kxb5 f4 55.Bb6 Kxh5 56.Kc4 Kg4 57.b5 Nc8
58.Bc5 Kg3 59.Kd5 f3 60.Ke6 f2 61.Bxf2+ Kxf2 62.Kf5 Nd6+  1/2-1/2

[Event "BL2-SW8990"]
[Site "Germany"]
[Date "1990.??.??"]
[Round "?"]
[White "Arnold, Lothar"]
[Black "Kurz, Eugen"]
[Result "0-1"]
[WhiteElo "2280"]
[BlackElo "2275"]

1.e4 c5 2.Nf3 e6 3.d4 cxd4 4.Nxd4 a6 5.Bd3 Nf6 6.O-O Qc7 7.Qe2 d6 8.c4 Be7
9.Nc3 Nbd7 10.f4 O-O 11.Nf3 Nc5 12.Bc2 e5 13.Kh1 Bg4 14.f5 Rfc8 15.Bg5 Ncd7
16.Bd3 h6 17.Bd2 Qd8 18.Rg1 Nh7 19.Qf2 Bxf3 20.gxf3 Bg5 21.Qg2 Qf8 22.Nd5 Rab8
23.Rad1 Kh8 24.Qh3 Bxd2 25.Rxd2 Nhf6 26.Ne3 Qe7 27.Rdg2 Rg8 28.Bc2 Rbc8 29.b4 a5
30.a3 Ra8 31.Ba4 Nb6 32.Bb5 Kh7 33.Qh4 axb4 34.axb4 Qd8 35.Rd2 Ra3 36.Qf2 Qe7
37.Nc2 Rc3 38.Qxb6 Rxf3 39.Re2 Nh5 40.Ne1 Rb3 41.Nc2 Nf4 42.Rd2 Qh4 43.Qxb7 Qh5
44.Ne1 Re3 45.Rf2 Nh3 46.Rfg2 Nxg1 47.Rxg1 Rh3 48.Rg2 Qh4 49.Re2 Rxh2+ 50.Rxh2 Qxe1+
51.Kg2 Qxb4 52.Qxf7 Qd2+ 53.Kg3 Qe3+ 54.Kg2 Ra8 55.Qg6+ Kh8 56.Qg3 Qxe4+
57.Kh3 Qxf5+ 58.Kh4 g5+ 59.Kh5 Rg8  0-1

[Event "BL2-SW8990"]
[Site "Germany"]
[Date "1990.??.??"]
[Round "?"]
[White "Fecht, Hans Peter"]
[Black "Bosbach, Gerhard"]
[Result "1/2-1/2"]
[WhiteElo "2260"]
[BlackElo "2260"]

1.e4 c5 2.Nf3 e6 3.d4 cxd4 4.Nxd4 a6 5.Bd3 Nf6 6.O-O d6 7.c4 Be7 8.Nc3 Qc7
9.Be3 Nbd7 10.Rc1 O-O 11.f3 Re8 12.Bb1 Bf8 13.Qd2 b6 14.Qf2 Bb7 15.Nde2 Rab8
16.Nf4 Ba8 17.Nd3 Qb7 18.Rfe1 Rbc8 19.Ne2 Qb8  1/2-1/2

[Event "BL2-SW8990"]
[Site "Germany"]
[Date "1990.??.??"]
[Round "?"]
[White "Herbrechtsmeier, Christof"]
[Black "Arnold, Lothar"]
[Result "1/2-1/2"]
[WhiteElo "2310"]
[BlackElo "2280"]

1.e4 c5 2.Nf3 e6 3.d4 cxd4 4.Nxd4 a6 5.Bd3 Nf6 6.O-O Qc7 7.Qe2 d6 8.f4 Nbd7
9.Kh1 Be7 10.Nd2 O-O 11.N2f3 Nc5 12.Bd2 b6 13.Nb3 Nxd3 14.cxd3 Bb7 15.Bc3 Rac8
16.Qf2 Nd7 17.Qg3 Bf6 18.Nbd4 Qc5 19.Rae1 Rcd8  1/2-1/2

[Event "BL2-SW8990"]
[Site "Germany"]
[Date "1990.??.??"]
[Round "?"]
[White "Kabisch, Thilo"]
[Black "Kurz, Eugen"]
[Result "1/2-1/2"]
[WhiteElo "2290"]
[BlackElo "2275"]

1.e4 c5 2.Nf3 e6 3.d4 cxd4 4.Nxd4 a6 5.Bd3 Nc6 6.Nxc6 bxc6 7.O-O d5 8.e5 Ne7
9.Qe2 Qb6 10.c4 Ng6 11.Kh1 Be7 12.f4 a5 13.cxd5 cxd5 14.Bb5+ Kf8 15.Nc3 Rb8
16.Bd3 d4 17.Na4 Qc6 18.b3 Bb7 19.Bb2 Nh4 20.Rf2 Qd7 21.Be4 h5 22.Rd1 Nf5
23.Bxb7 Qxb7 24.Bxd4 h4 25.Qf3 Qb4 26.Rfd2 g6 27.Bc3 Qb5 28.Bd4 Kg7 29.Bf2 Rhd8
30.Rxd8 Rxd8 31.Rxd8 Bxd8 32.Kg1 Qb4 33.g4 hxg3 34.hxg3 Qd2 35.Nc3 Be7 36.Kg2 Bb4
37.Ne2 Qxa2 38.g4 Ne7 39.Bh4 Nd5 40.Kg3 Be1+ 41.Kh3 Qxe2 42.Qxe2 Nxf4+ 43.Kh2 Nxe2
44.Bxe1 Nd4 45.Bxa5 Nxb3 46.Bd8 Nc5 47.Be7 Nd3 48.g5 Kg8 49.Bd6 Nb2 50.Kg3 Nc4
51.Kf4 Kg7 52.Bc5 Kg8 53.Ke4 Nd2+ 54.Ke3 Nf1+ 55.Kf4 Nd2  1/2-1/2

[Event "BL2-N8990"]
[Site "Germany"]
[Date "1990.??.??"]
[Round "?"]
[White "Joecks, Christian"]
[Black "Lingnau, Carsten"]
[Result "0-1"]
[WhiteElo "2295"]
[BlackElo "2230"]

1.e4 c5 2.Nf3 e6 3.d4 cxd4 4.Nxd4 a6 5.Bd3 Nf6 6.O-O Qc7 7.c4 Nc6 8.Nxc6 dxc6
9.Be3 e5 10.h3 Nd7 11.Qe2 Bc5 12.Nd2 a5 13.Rfd1 O-O 14.Nf1 Qb6 15.Rac1 Re8
16.Bb1 Nf8 17.Bxc5 Qxc5 18.Ne3 g6 19.Qf3 Be6 20.h4 Qe7 21.g3 Rad8 22.Kg2 Rxd1
23.Rxd1 Rd8 24.a3 Nd7 25.Bc2 Nc5 26.h5 Rxd1 27.Qxd1 Na6 28.Qd2 b6 29.Qe2 f6
30.f4 Qd6 31.f5 Bf7 32.hxg6 hxg6 33.fxg6 Bxg6 34.Qg4 Kf7 35.c5 Nxc5 36.b4 axb4
37.axb4 Qd2+ 38.Kf3 Qxb4 39.Bd3 b5 40.Bc2 Ne6  0-1

[Event "BL2-SW8990"]
[Site "Germany"]
[Date "1990.??.??"]
[Round "?"]
[White "Vatter, Hans Joachim"]
[Black "Bosbach, Gerhard"]
[Result "1/2-1/2"]
[WhiteElo "2330"]
[BlackElo "2260"]

1.e4 c5 2.Nf3 e6 3.d4 cxd4 4.Nxd4 a6 5.Bd3 Nf6 6.O-O d6 7.Kh1 Bd7 8.f4 Nc6
9.Nf3 Qc7 10.Qe1 Be7 11.Nc3 Nb4 12.Qg3 g6 13.Bd2 Nxd3 14.cxd3 b5 15.Rac1 Qb7
16.e5 Nh5 17.Qf2 d5 18.Be3 Rc8 19.Ne2 O-O 20.Bc5 Bxc5 21.Rxc5 b4 22.Rxc8 Rxc8
23.g4 Ng7 24.Ned4 Bb5 25.Qe3 Qe7 26.h3 f6 27.exf6 Qxf6 28.Kh2 h5 29.Rg1 Rf8
30.gxh5 Nxh5 31.Nxe6 Re8 32.f5 Qxf5 33.Nfd4 Qxd3 34.Qh6 Rxe6 35.Nxe6 Qe2+
36.Rg2 Qe5+ 37.Kh1 Qe1+ 38.Rg1 Qe4+ 39.Kh2 Qe2+  1/2-1/2

[Event "BL2-W8990"]
[Site "Germany"]
[Date "1990.??.??"]
[Round "?"]
[White "Rosen, Willy"]
[Black "Groenegress, Wilfried"]
[Result "1-0"]
[WhiteElo "2265"]
[BlackElo "2205"]

1.e4 c5 2.Nf3 e6 3.d4 cxd4 4.Nxd4 a6 5.Bd3 Nf6 6.O-O Qc7 7.Qe2 d6 8.b3 Nbd7
9.Bb2 Nc5 10.Nd2 Be7 11.f4 Nxd3 12.cxd3 O-O 13.Rac1 Qd8 14.Nc4 d5 15.Ne5 Bd7
16.Nxd7 Qxd7 17.e5 Ne8 18.f5 Rc8 19.Rxc8 Qxc8 20.f6 gxf6 21.exf6 Nxf6 22.Qe5 Rd8
23.Rxf6 Bxf6 24.Qxf6  1-0

[Event "HUN-chop"]
[Site "Gyor"]
[Date "1990.??.??"]
[Round "8"]
[White "Fogarasi, Tibor"]
[Black "Horvath, Zoltan"]
[Result "1/2-1/2"]
[WhiteElo "2400"]
[BlackElo "2335"]

1.e4 c5 2.Nf3 e6 3.d4 cxd4 4.Nxd4 a6 5.Bd3 Nf6 6.O-O d6 7.c4 Nc6 8.Nxc6 bxc6
9.f4 Be7 10.Nc3 O-O 11.Kh1 Nd7 12.Qe2 Qc7 13.Bd2 c5 14.Rae1 Bf6 15.e5 dxe5
16.Ne4 Be7 17.fxe5 Qxe5 18.Bf4 Qd4 19.Bb1 g6 20.Rd1 Qg7 21.Nd6 Ra7 22.Qe3 g5
23.Bg3 Bf6 24.Ne4 Bd4 25.Qxg5 Qxg5 26.Nxg5 h6 27.Ne4 Bxb2 28.Bd6  1/2-1/2

[Event "HUN-chop"]
[Site "Gyor"]
[Date "1990.??.??"]
[Round "9"]
[White "Horvath, Zoltan"]
[Black "Kozlov, Oleg"]
[Result "1/2-1/2"]
[WhiteElo "2335"]
[BlackElo "2360"]

1.e4 c5 2.Nf3 e6 3.d4 cxd4 4.Nxd4 a6 5.Bd3 Nc6 6.Nxc6 dxc6 7.Nd2 e5 8.Nc4 Ne7
9.Bd2 Ng6 10.Qh5 Bc5 11.O-O Qe7 12.Bc3 f6 13.a3 O-O 14.g3 Be6 15.b4 b5 16.Nd2 Bd6
17.Rfb1 a5 18.bxa5 Bxa3 19.Nb3 Bb4 20.Bxb4 Qxb4 21.Qe2 Rf7 22.Qe3 Nf8 23.Qb6 Bxb3
24.Qxc6 Rxa5 25.Rxa5 Qxa5 26.Rxb3 Qd8 27.Rxb5 Rc7 28.Qb6 Qc8 29.Rd5 Ne6 30.Ba6 Rc6
31.Bxc8 Rxb6 32.c4 Nd4 33.c5 Rc6 34.Bb7 Rc7 35.Rd8+ Kf7 36.Bd5+ Kg6 37.c6 Nxc6
38.Bxc6 Rxc6 39.Kg2 Rc3 40.Rd7 h5 41.h4 Rb3 42.Ra7 Rb6 43.Rc7  1/2-1/2

[Event "Hamburg-ch"]
[Site "Hamburg"]
[Date "1990.??.??"]
[Round "?"]
[White "Joecks, Christian"]
[Black "Stelting, Thorsten"]
[Result "1-0"]
[WhiteElo "2295"]
[BlackElo "2265"]

1.e4 c5 2.Nf3 e6 3.d4 cxd4 4.Nxd4 a6 5.Bd3 Bc5 6.Nb3 Ba7 7.c4 Nc6 8.O-O Nge7
9.Nc3 O-O 10.Qe2 d5 11.exd5 exd5 12.cxd5 Nb4 13.Be4 Nexd5 14.Nxd5 Nxd5 15.Rd1 Re8
16.Qf3 Rxe4 17.Qxe4 Be6 18.Be3 Bxe3 19.fxe3 Qg5 20.Nd4 Re8 21.Nxe6 fxe6 22.Rd3 Re7
23.Rc1 Nf6 24.Qf4 Qa5 25.a3 Kf7 26.h3 Qb5 27.Rd2 Qb6 28.Rdc2 e5 29.Qc4+ Kg6
30.Qc5 Qe6 31.Rd1 h5 32.Qd6 Qf7 33.Rf1 Kh7 34.Rfc1 Ne8 35.Qd1 Nf6 36.Qf3 Qg6
37.Rc7 e4 38.Qf2 Re5 39.Rxb7 Rf5 40.Qe1 Rg5 41.Qe2 Qf5 42.Rf1 Qe5 43.Qf2 Kg6
44.Qf4 Qe6 45.Rxg7+  1-0

[Event "Mephisto (Women)"]
[Site "Hamburg"]
[Date "1990.??.??"]
[Round "3"]
[White "Heintze, Marion"]
[Black "Ioseliani, Nana"]
[Result "0-1"]
[WhiteElo "2180"]
[BlackElo "2475"]

1.e4 c5 2.Nf3 e6 3.d4 cxd4 4.Nxd4 a6 5.Bd3 Nf6 6.O-O Qc7 7.Nc3 Be7 8.Kh1 d6
9.f4 Nbd7 10.a4 b6 11.Qf3 Bb7 12.Qg3 g6 13.Bd2 e5 14.Nde2 Nc5 15.Qe3 O-O
16.Ng3 Rad8 17.Qe2 Rfe8 18.f5 d5 19.fxg6 hxg6 20.Bg5 Nfxe4 21.Ngxe4 Nxe4
22.Bxe7 Rxe7 23.Nxe4 dxe4 24.Bxe4 Bxe4 25.Qxe4 Rd2 26.Rac1 Red7 27.b3 R7d4
28.Qe1 Qd6 29.Qg3 e4 30.Qe3 Qe6 31.Rce1 Qg4 32.Rf2 Rxf2 33.Qxf2 Rd1 34.h3 Qf5
35.Qe2 Rxe1+ 36.Qxe1 Qd5 37.Qe2 a5 38.Kg1 Qd4+ 39.Kf1 Kg7 40.Ke1 f5 41.Kf1 f4
42.c3 Qd5 43.Kg1 e3 44.b4 Qd2 45.Qb5 Qe1+ 46.Kh2 Qg3+ 47.Kh1 f3 48.Qd7+ Kh6
49.gxf3 Qxf3+ 50.Kg1 Qf2+ 51.Kh1 e2 52.Qd2+ g5  0-1

[Event "Mephisto (Women)"]
[Site "Hamburg"]
[Date "1990.??.??"]
[Round "10"]
[White "Lauterbach, Ingrid"]
[Black "Ioseliani, Nana"]
[Result "0-1"]
[WhiteElo "2155"]
[BlackElo "2475"]

1.e4 c5 2.Nf3 e6 3.d4 cxd4 4.Nxd4 a6 5.Bd3 Nf6 6.O-O d6 7.c4 Be7 8.Nc3 O-O
9.f4 Qc7 10.Kh1 Nbd7 11.Qe2 Re8 12.b3 b5 13.Bb2 b4 14.Nd1 Bb7 15.Nf2 Bf8
16.Nc2 e5 17.Nxb4 exf4 18.Nd5 Nxd5 19.cxd5 Bxd5 20.Bxa6 Nc5 21.Bb5 Re7 22.Qd2 Bb7
23.Bc4 Nxe4 24.Nxe4 Bxe4 25.Rfc1 Qb7 26.Kg1 d5 27.Be2 Qb6+ 28.Bd4 Qg6 29.Bf1 f3
30.g3 h5 31.b4 h4 32.Qf4 hxg3 33.Qxg3 Re6 34.Bh3 Qxg3+ 35.hxg3 Rg6 36.Kf2 Bxb4
37.a4 Bd6 38.g4 Bf4 39.Rc5 Rh6 40.Bf1 Rh2+ 41.Ke1 Bd2+ 42.Kd1 Bb4  0-1

[Event "Helsinki Club-ch"]
[Site "Helsinki"]
[Date "1990.??.??"]
[Round "9"]
[White "Hazai, Laszlo"]
[Black "Turunen, Erkki O"]
[Result "1-0"]
[WhiteElo "2455"]
[BlackElo "2270"]

1.e4 c5 2.Nf3 e6 3.d4 cxd4 4.Nxd4 a6 5.Bd3 Nf6 6.O-O d6 7.c4 g6 8.Nc3 Bg7
9.Bg5 Nbd7 10.Be2 h6 11.Be3 O-O 12.Nb3 Qc7 13.Qd2 Kh7 14.Rfd1 Ne8 15.a4 b6
16.a5 Bb7 17.axb6 Nxb6 18.Na5 Nd7 19.f3 Rb8 20.b4 Ba8 21.Rab1 f5 22.exf5 gxf5
23.Na4 Ne5 24.c5 d5 25.Bf4 Nf6 26.Nb6 Nh5 27.Be3 Bb7 28.Nxb7 Qxb7 29.Qa2 Rg8
30.Kh1 Bf6 31.Bxa6 Qg7 32.Bf1 Ng3+ 33.hxg3 Qxg3 34.Qf2 Qg6 35.Qg1 Nxf3 36.gxf3 Qh5+
37.Qh2 Qxf3+ 38.Bg2 Qxe3 39.Nd7 Bg5 40.Re1 Qf4 41.Qxf4 Bxf4  1-0

[Event "HUN-ch (Women)"]
[Site "?"]
[Date "1990.??.??"]
[Round "3"]
[White "Zimmersmann, Rita"]
[Black "Porubszky Angyalosine, Maria A"]
[Result "1/2-1/2"]
[WhiteElo "2185"]
[BlackElo "2220"]

1.e4 c5 2.Nf3 e6 3.d4 cxd4 4.Nxd4 a6 5.Bd3 Nc6 6.Nxc6 dxc6 7.Nd2 Qc7 8.Qe2 e5
9.Nc4 b5 10.Ne3 Nf6 11.a4 Rb8 12.O-O Bc5 13.axb5 axb5 14.Bd2 O-O 15.Kh1 Re8
16.Qf3 Qe7 17.Nf5 Bxf5 18.Qxf5 Qe6 19.Qxe6 Rxe6 20.f3 Bd4 21.c3 Bb6 22.Rfd1 Rd6
23.Bc2 Rbd8 24.Be1 Rxd1 25.Rxd1 Rxd1 26.Bxd1 Be3 27.g3 Nd7 28.Kg2 Nc5 29.Bc2 Kf8
30.Kf1 Ke7 31.Ke2 Bc1 32.b3 Kd6 33.Bf2 f6 34.Bg1 Ba3 35.Be3 b4 36.cxb4 Bxb4
37.f4 Ne6 38.Kd3 c5 39.Kc4 h6 40.Bd1 Ba3 41.Bh5 Nd4 42.fxe5+ fxe5 43.Bd2 Nc6
44.Bf7 Bb4 45.Be3 Nd4 46.Bd5 Nc2 47.Bc1 Ne1 48.h3 Nf3 49.Be3 Nd4 50.g4 Ne2
51.g5 hxg5 52.Bxg5 Nf4 53.h4 Be1 54.Bf7 Bf2 55.h5 Be3 56.h6 gxh6 57.Bxh6 Ke7
58.Bg8 Kd6 59.Bf8+ Kc6 60.Bf7 Bd4 61.Be7 Kb6 62.Be8 Ne6 63.Bd7 Nc7 64.Bd8 Be3
65.Be6 Kc6 66.Bf7 Kd7 67.Bf6 Bd4 68.Bg7 Ke7 69.Bd5 Ne8 70.Bh6 Nd6+ 71.Kd3 Nb5
72.Bc6 Nc7 73.Kc4 Kd6 74.Bb7 Ke7 75.Bd2 Kd7 76.Ba5 Kd6 77.Bb6 Ne6 78.Bd5 Nc7
79.Ba7 Na6 80.Bb7 Nc7 81.Bb8 Be3 82.Kd3 Bd4 83.Ke2 Kd7 84.Kf3 Nb5 85.Ke2  1/2-1/2

[Event "HUN-ch (Women)"]
[Site "?"]
[Date "1990.??.??"]
[Round "4"]
[White "Sziva, Erika"]
[Black "Kovacs Pinter, Marta"]
[Result "1-0"]
[WhiteElo "2260"]
[BlackElo "2205"]

1.e4 c5 2.Nf3 e6 3.d4 cxd4 4.Nxd4 a6 5.Bd3 Qc7 6.O-O Nf6 7.Qe2 d6 8.c4 Nc6
9.Nxc6 bxc6 10.Nc3 Be7 11.f4 Nd7 12.Be3 c5 13.a3 O-O 14.Rac1 Nb8 15.Rf3 Bb7
16.Rh3 g6 17.f5 Bf6 18.Rf1 Nc6 19.Kh1 Nd4 20.Qf2 exf5 21.exf5 g5 22.Be4 d5
23.Bxd5 Rad8 24.Ne4  1-0

[Event "HUN-ch (Women)"]
[Site "?"]
[Date "1990.??.??"]
[Round "9"]
[White "Sziva, Erika"]
[Black "Porubszky Angyalosine, Maria A"]
[Result "1-0"]
[WhiteElo "2260"]
[BlackElo "2220"]

1.e4 c5 2.Nf3 e6 3.d4 cxd4 4.Nxd4 a6 5.Bd3 Nc6 6.Nxc6 dxc6 7.O-O e5 8.a4 Nf6
9.Nc3 Qc7 10.Qe2 Be6 11.Bc4 Bxc4 12.Qxc4 O-O-O 13.Qe2 Bc5 14.Kh1 h6 15.a5 Bb4
16.Be3 Bxa5 17.Na4 Nd7 18.Rfd1 Kb8 19.c3 c5 20.Rd5 c4 21.Nc5 Nf6 22.Nxa6+ bxa6
23.Rdxa5 Rd6 24.Rxa6 Rxa6 25.Rxa6 Rd8 26.h3 Rd3 27.b4 Qd7 28.Qa2 Rd1+ 29.Kh2 Qb7
30.Rb6  1-0

[Event "Jajce (Women)"]
[Site "Jajce"]
[Date "1990.??.??"]
[Round "5"]
[White "Sziva, Erika"]
[Black "Bojkovic, Natasa"]
[Result "1-0"]
[WhiteElo "2250"]
[BlackElo "2270"]

1.e4 c5 2.Nf3 e6 3.d4 cxd4 4.Nxd4 a6 5.Bd3 Nf6 6.O-O Qc7 7.Qe2 d6 8.c4 g6
9.Nc3 Bg7 10.Be3 O-O 11.f4 Nbd7 12.Rac1 b6 13.b4 Bb7 14.Nb3 Rac8 15.a4 Qb8
16.Kh1 Qa8 17.Bd4 Rfe8 18.e5 Nh5 19.Be4 Nxf4 20.Rxf4 dxe5 21.Rxf7 Bxe4 22.Rxd7 exd4
23.Nxe4 Qc6 24.Ra7 b5 25.axb5 axb5 26.c5 Qd5 27.Qd3 Qe5 28.Nbd2 Qf4 29.Qxb5 Rf8
30.Qd3 Qe5 31.b5 Bh6 32.Qh3 Qxe4 33.Qxh6  1-0